000 00611nam a2200265Ia 4500
005 20260121164937.0
008 008 260114s9999 xx 000 0 eng d
020 _a9781402057298
037 _aEBOOK
040 _aCRL
040 _beng
040 _cCRL
041 _2eng
041 _aeng
084 _qCRL
100 _aM. Thangarajan
_91045599
245 0 _aGroundwater
260 _bSpringer
260 _bSpringer
260 _c2007
856 _uhttps://link.springer.com/openurl?genre=book&isbn=978-1-4020-5729-8
942 _cEBOOK
999 _c1611322
_d1611322